60 Second Blitz: South and North America Quiz Stats

 Plays Quiz Updated Aug 30, 2018

Challenge
Share
Tweet
Embed
Score 0/35 Timer 01:00
28 Plays Today
Country % Correct
United States of America
96.7%
Canada
95.8%
Mexico
93.6%
Brazil
88.8%
Argentina
82.2%
Chile
81.5%
Peru
76.8%
Paraguay
69.5%
Panama
68.8%
Uruguay
68.1%
Colombia
67.9%
Cuba
67%
Venezuela
61.2%
Ecuador
58.7%
Bolivia
58.7%
Honduras
58.2%
Belize
57.7%
Guatemala
57.3%
Country % Correct
Costa Rica
57.3%
Haiti
53.7%
Nicaragua
53.4%
El Salvador
53%
Jamaica
49.9%
Suriname
49.3%
Dominica
48.5%
Guyana
48.2%
Bahamas
41.3%
Dominican Republic
39.9%
Barbados
31.7%
Saint Kitts and Nevis
30.5%
Saint Lucia
30%
Saint Vincent and the Grenadines
26.1%
Trinidad and Tobago
26.1%
Grenada
25.4%
Antigua and Barbuda
20.7%

You're not logged in!

Compare scores with friends on all Sporcle quizzes.
OR
Log In

You Might Also Like...

Show Comments

Extras

Top Quizzes Today


Score Distribution

Your Account Isn't Verified!

In order to create a playlist on Sporcle, you need to verify the email address you used during registration. Go to your Sporcle Settings to finish the process.

Report this User

Report this user for behavior that violates our Community Guidelines.

Details: